| 000 | 01094nam a2200241 a 4500 | ||
|---|---|---|---|
| 001 | BS0003827 | ||
| 003 | BR-BrBNA | ||
| 005 | 20230418192425.0 | ||
| 008 | 230308b |||||||| |||| 00| 0 por d | ||
| 040 |
_aBR-BrBNA _bpor _cBiblioteca Nacional de Agricultura |
||
| 041 | _apor | ||
| 072 | _aS85 | ||
| 090 | _aS85 BS0003827 | ||
| 100 | 1 | _aDeaver, Jeffrey | |
| 245 | 1 | _aA cadeira vazia / | |
| 250 | 1 | _a1 ed. | |
| 260 | 3 |
_aRio de Janeiro, RJ: _bBestBolso, _c2012. |
|
| 300 | _a463 p. | ||
| 520 | 3 | _aAo ficar paraplégico em um grave acidente, o brilhante criminologista de Lincoln Rhyme vê a possibilidade de melhorar seu condicionamento físico em uma arriscada cirurgia experimental. Mas antes de tentar sua recuperação, ele se envolve em uma caçada humana pelos desolados pântanos da Carolina do Norte. Em um escritório improvisado na delegacia local e com a ajuda de sua assistente Amélia Sachs, o especialista comanda a busca a um sequestrador e assassino apelidado de Menino-Inseto. | |
| 650 | _aLITERATURA AMERICANA | ||
| 909 |
_a202304 _bSergio Santos _c56 _dSergio Santos |
||
| 942 | _cBK | ||
| 999 |
_c8881 _d8881 |
||